High performance leadership
| Main Author: | |
|---|---|
| Format: | Book |
| Published: |
Mumbai :
Himalaya Publishing House ,
2007
|
| Subjects: |
MARC
| LEADER | 00000cam a2200000 7i4500 | ||
|---|---|---|---|
| 001 | 0000039660 | ||
| 005 | 20140101.0 | ||
| 008 | 140101 | ||
| 020 | |a 8183189019 | ||
| 090 | 0 | 0 | |a 658.4092 |b VIJ |
| 100 | 1 | |a Vijayaragavan, G | |
| 245 | 1 | 0 | |a High performance leadership |c G. Vijayaragavan Iyengar |
| 260 | |a Mumbai : |b Himalaya Publishing House , |c 2007 | ||
| 650 | 0 | |a Leadership | |
| 999 | |a 0001228439 |b Book |c Adult Collection |e Perbadanan Perpustakaan Awam Johor | ||